TNghiên cứu-khảo sát hệ thống tự động điều chỉnh điện áp dưới tải – rowle reg_DA Đồ án tốt nghiệp
Giới thiệu tổng quan về điều chỉnh áp trong hệ thống điện; cấu tạo và nguyên lý làm việc của bộ điều áp dưới tải; nghiên cứu khảo sát rơ le tự động điều áp dưới tải REG-DA
Đã lưu trong:
| Tác giả chính: | |
|---|---|
| Định dạng: | Sách |
| Năm xuất bản: |
Quảng Bình
Trường Đại học Quảng Bình
2017
|
| Chủ đề: | |
| Tags: |
Thêm thẻ
Không có thẻ, Hãy là người đầu tiên gắn thẻ bản ghi này!
|
| LEADER | 01022nam a2200193 4500 | ||
|---|---|---|---|
| 999 | |c 15082 |d 15082 | ||
| 082 | |a 621.317 |b NG527T | ||
| 100 | |a Nguyễn Tiến Thành | ||
| 245 | |a TNghiên cứu-khảo sát hệ thống tự động điều chỉnh điện áp dưới tải – rowle reg_DA |c Nguyễn Tiến Thành, Nguyễn Mạnh Hà Hướng dẫn |b Đồ án tốt nghiệp | ||
| 260 | |a Quảng Bình |b Trường Đại học Quảng Bình |c 2017 | ||
| 300 | |a 96tr. |c 29cm | ||
| 520 | |a Giới thiệu tổng quan về điều chỉnh áp trong hệ thống điện; cấu tạo và nguyên lý làm việc của bộ điều áp dưới tải; nghiên cứu khảo sát rơ le tự động điều áp dưới tải REG-DA | ||
| 653 | |a Kỹ thuật điện | ||
| 653 | |a Hệ thống | ||
| 653 | |a Tự động | ||
| 653 | |a Điện áp | ||
| 653 | |a Luận án | ||
| 942 | |2 ddc |c KL | ||
| 952 | |0 0 |1 0 |2 ddc |4 0 |6 621_317000000000000_NG527T |7 0 |8 600 |9 114144 |a qbu |b qbu |c D1 |d 2018-04-04 |o 621.317 NG527T |p LA682.C1 |r 2018-04-04 |w 2018-04-04 |y KL | ||